Mahble's Geography Challenge #2 - Statistics

General Stats
  • This quiz has been taken 24 times
    22 since last reset
  • The average score is 6 of 9
Answer Stats
Hint Answer % Correct
Overlooking this city is Christ the Redeemer Rio De Janeiro
100%
At the center of an infamous triangle, where many ships were lost Bermuda
95%
Home to the Capitol, Supreme Court, and White House Washington, D.C.
95%
Country opposite Madagascar, across a channel of the same name Mozambique
79%
A young rift between Arabia and Africa Red Sea
58%
Famous waterfalls just south of the massive Itaipu dam Iguazu Falls
47%
Lies at the convergence of the Blue and White Niles Khartoum
47%
Exclave of Angola cut off by the DRC Cabinda
37%
Final Location Correct!
5%
No matching quizzes found
Score Distribution
Percent of People with Each Score
Percentile by Number Answered
Your Score History
You have not taken this quiz since the last reset